Регионална библиотека "Любен Каравелов" - Русе

Etuden fur Pianoforte (Запис номер 303092)

MARC детайли
000 -Лидер
Контролно поле с фиксирана дължина 01208ncm a2200325 c 4500
003 - Код на организацията, давaща контролен номер
Контролно поле BLK
005 - Дата и час на последна редакция
Контролно поле 20241011005338.0
008 - Елементи от данни с фиксирана дължина
fixed length control field 180414b bul |a|er|||| |0| c|bulo|
010 ## - Наследен системен номер
LC control number NOT00001505000
040 ## - Източник на каталожния запис
Идентификатор на билиотеката - собственик на записа BLK
041 ## - Код за език
Код за езика на текст/звукозапис или на отделно заглавие Немски
Код за езика КДБФ Немски
080 ## - УДК
Текстов определител УДК Музика за пиано. Етюди, технически упражнения. Начални школи.
УДК код - определител по УДК 786.2.087.5
УДК - код + определител 786.2.087.5
100 1# - Редна дума - Автор
Автор Бургмюлер, Йохан Фридрих
Авторска отговорност първи автор
R(LIN) 43954
139 ## - Редно поле
Редна дума Бургмюлер, Йохан Фридрих
Авторски знак Бур - Б 87
245 10 - Сведения за заглавието
Заглавие Etuden fur Pianoforte
Подзаглавни данни [Funfundzwanzig] 25 leichte Etuden
Редно поле (дума) * Johann Friedrich Burgmuller; Йохан Фридрих Бургмюлер; hrsg. von Adolf Ruthardt.
Версия Op.100
257 ## - Страна на издаване
Страна на създаване/издаване Германия
260 ## - Област на издателските данни
Име на издателя, разпространителя и проч. Peters 3101
Година на издаване Б. г.
300 ## - Физическа характеристика
Страници 39 с.
Размери/Мащаб 30 см
380 ## - Жанр
Жанр Изкуство
650 #0 - Допълнително описание по предмет – тема
Основно описание – тема или топоним Пиано - етюди
9 (RLIN) 353307
700 1# - Други автори (авторска отговорност)
Лично име Burgmuller, Johann Friedrich
Автороска отговорност (Описва отношението между автора и произведението) *
9 (RLIN) 6458
700 1# - Други автори (авторска отговорност)
Лично име Ruthardt, Adolf
Автороска отговорност (Описва отношението между автора и произведението) hrsg. von
9 (RLIN) 388884
852 ## - Местоположение
Форматна сигнатура Цб М ІІ 1379
Част 0
856 4# - Електронен адрес и достъп
Електронен формат pdf - файл
Път до файла /url/
856 4# - Електронен адрес и достъп
Електронен формат pdf - файл
Път до файла /url/
999 ## - СИСТЕМНИ КОНТРОЛНИ НОМЕРА
Koha biblionumber 303092
Koha biblioitemnumber 303092
942 ## - АРТИКУЛИ
Вид на библиотечния материал Нотни издания
Скрит в OPAC Не
Периодичен библиозапис Да
944 ## - СЪЗДАВАНЕ И РЕДАКЦИЯ на ЗАПИСА
Създаване/Редакция Създаване
Служител, извършил регистрацията/редакцията
Статус, дата на статуса CRON CRON
944 ## - СЪЗДАВАНЕ И РЕДАКЦИЯ на ЗАПИСА
Създаване/Редакция Редакция
Дата на регистрацията/редакция 10.01.2006
999 ## - СИСТЕМНИ КОНТРОЛНИ НОМЕРА
Koha biblioitemnumber 303092
Наличности
Код за отписване Код за изгубен артикул Източник на класификационната схема Код за повреда Коз за рестрикции Код за отдаване Артикулен № Име на библиотеката - собственик Име на библиотеката, в която се намира в момента Статус (Текущо местоположение) Дата на вписване в системата Местоположение - отдел Цена в лева Инвентарен номер Систематично азбучна сигнатура Баркод Номер на екземпляра Цена в евро Служебна бележка Служебен тип на артикула
  Не е изгубен Universal Decimal Classification Не е повреден само за читалня ползва се в читалня 654703 Регионална библиотека "Любен Каравелов" Русе Регионална библиотека "Любен Каравелов" Русе Отдел Изкуство - читалня 2003-05-22 Основен фонд - ползва се само за читалня 3.00 170000003075 Цб М II 1379 170000003075 1 1.53 Дост: DA Вид: А N: 15 Дата: 22.05.2003 Нотни издания
  Не е изгубен Universal Decimal Classification Не е повреден само за читалня ползва се в читалня 654704 Регионална библиотека "Любен Каравелов" Русе Регионална библиотека "Любен Каравелов" Русе Отдел Изкуство - читалня 1981-01-01 Основен фонд - ползва се само за читалня 0.92 426585 Цб М II 1379 120000426585 2 0.47 N: стар фонд Дата: 01.01.1981 Нотни издания
  Не е изгубен Universal Decimal Classification Не е повреден без рестрикции заемане за дома 654705 Регионална библиотека "Любен Каравелов" Русе Регионална библиотека "Любен Каравелов" Русе Отдел Изкуство - подръчен фонд 1961-01-01 Отдел Изкуство - подръчен фонд 0.35 14055/61 786.2/Б 87 И 900000001453 3 0.18 N: стар фонд Дата: 01.01.1961 Нотни издания
  Не е изгубен Universal Decimal Classification Не е повреден без рестрикции заемане за дома 654706 Регионална библиотека "Любен Каравелов" Русе Регионална библиотека "Любен Каравелов" Русе Отдел Изкуство - подръчен фонд 1961-01-01 Отдел Изкуство - подръчен фонд 0.01 2985/68 786.2/Б 87 И 900000001452 4 0.01 N: стар фонд Дата: 01.01.1961 Нотни издания
Изтеглен Не е изгубен Universal Decimal Classification Не е повреден без рестрикции заемане за дома 654707 Регионална библиотека "Любен Каравелов" Русе Регионална библиотека "Любен Каравелов" Русе Отдел Изкуство - читалня 1961-01-01 Отдел Изкуство - подръчен фонд 0.01 2987/68 Цб М II 1379 2987/68 5 0.01 N: стар фонд Дата: 01.01.1961 Нотни издания
Изтеглен Не е изгубен Universal Decimal Classification Не е повреден без рестрикции заемане за дома 654708 Регионална библиотека "Любен Каравелов" Русе Регионална библиотека "Любен Каравелов" Русе Отдел Изкуство - читалня 1961-01-01 Отдел Изкуство - подръчен фонд 0.01 5101/64 Цб М II 1379 5101/64 6 0.01 N: стар фонд Дата: 01.01.1961 Нотни издания
Изтеглен Не е изгубен Universal Decimal Classification Не е повреден без рестрикции заемане за дома 654709 Регионална библиотека "Любен Каравелов" Русе Регионална библиотека "Любен Каравелов" Русе Отдел Изкуство - читалня 1961-01-01 Отдел Изкуство - подръчен фонд 0.01 426587 Цб М II 1379 426587 7 0.01 N: стар фонд Дата: 01.01.1961 Нотни издания
Vip Innovations Ltd, Rousse, Bulgaria 2025